000 00326nam a2200133Ia 4500
008 231017s9999 xx 000 0 und d
082 _a625.8
082 _bAND
245 2 _aA process for selecting strategies for rehabilitation of rigid pavements
245 0 _cNCHRP
260 _bNCHRP
300 _c30cm
942 _cREP
999 _c606365
_d606365